000 00503nam a22001817a 4500
003 OSt
005 20180116183056.0
008 161021b xxu||||| |||| 00| 0 eng d
020 _a9780753821794
040 _c0
082 _a823.92 TOR 2007
100 _aPaul Torday
245 _aSalmon Fishing in The Yemen
_bA Wonderful Novel
_cPaul Torday
260 _aGreat Britain
_bThe Orion Publishing Group's
_c2007
300 _a330 p.
_bPB
440 _aSalmon Fishing in The Yemen
942 _2ddc
_cBK
999 _c351850
_d351850